00683nam a2200193 a 45000010005000000030009000050080041000140400028000550820018000831000037001012450064001382500007002022600050002093000010002596500038002699420012003079990017003199520153003367452CO-ViMGA141112s2004 ck r 000 u spa d aCO-ViMGAbspacCO-ViMGA04a352.0072 D6541 aDominguez Giraldo, Gerardo9671710aGerencia municipal un concepto social moderno y estrategico a2a aMedellin : bBiblioteca juridica Dike, c1995 a124 p14aMUNICIPIOS - ADMINISTRACION96718 2ddccBK c19400d19400 00102ddc40708002aMEVIECARbMEVIECARd2015-12-04hVolumen. 1 | 11/jun/2009l0o352.0072 D654 p03932r2015-12-04 00:00:00tEj. 1w2015-12-04yBK